Lucas Numbers - Statistics

General Stats
  • This quiz has been taken 20 times
  • The average score is 15 of 20
Answer Stats
Answer % Correct
1
100%
11
100%
2
100%
29
100%
3
100%
4
100%
7
100%
18
94%
47
94%
76
82%
199
65%
123
59%
1364
59%
2207
59%
322
59%
3571
59%
521
59%
843
59%
5778
53%
9349
47%
No matching quizzes found
Score Distribution
Percent of People with Each Score
Percentile by Number Answered
Your Score History
You have not taken this quiz